| 000 | 00897nas a2200253 4500 | ||
|---|---|---|---|
| 001 | BR9201580 | ||
| 003 | BR-BrBNA | ||
| 005 | 20231205092423.0 | ||
| 007 | ta | ||
| 008 | 230509b bl.|||p| |||| 00| 00por d | ||
| 040 |
_aBR-BrBNA _bpor _cBiblioteca Nacional de Agricultura |
||
| 041 | _a(Pt) | ||
| 072 | _aL73 | ||
| 100 | 1 | _aBalen, L. | |
| 100 | 1 | _aFiorentin, L. | |
| 245 | 1 | _aComparacao entre liofilizacao e congelacao como metodos de conservacao de antigenos hemaglutinantes | |
| 246 | 1 | _aComparison between lyophilization and freezing for preserving avian Mycoplasma hemagglutinating antigens | |
| 650 | _aMICOPLASMOSE | ||
| 650 | _aLIOFILIZACAO | ||
| 650 | _aCONGELAMENTO | ||
| 773 | 0 |
_tArquivo Brasileiro de Medicina Veterinaria e Zootecnia (Brazil) _xISSN 0102-0935 _g(Oct 1990), v. 42(5) p. 363-369 _wBR9201580 |
|
| 909 |
_a202311 _bLúcia _c55 _dLúcia Elande |
||
| 942 |
_2AGRIS _n0 _cANA |
||
| 999 |
_c131591 _d131591 |
||